000 01447nam0a2200397 4500
001 RU\NLR\bibl\272799
005 20260408173841.0
021 _aRU
_b2001-66565
_93233
035 _a(NLR Aleph) 000268332
090 _a1568600
_c1568600
100 _a20020530d2001 |||y0rusy50 ca
101 1 _arus
_afre
_cfre
102 _aRU
105 _ay |||||||||
200 1 _aКоммунизм, нацизм, холокост
_fАлен Безансон
_g[Пер. с фр. А.К. Приходько
_gРос. гос. гуманит. ун-т]
210 _aМ.
_cРГГУ
_d2001
215 _a43,[1] с.
_d21
300 _aТекст парал. на рус. и фр. яз.
606 0 _aХолокост
_92090731
_3RU\NLR\auth\661265457
606 _aНационал-социализм
_3RU\NLR\AUTH\66796121
_91772638
610 0 _aЕврейский вопрос
610 0 _aПреступления против человечества
610 0 _aГерманский фашизм - Идеология
610 0 _aМарксизм-ленинизм - Критика
675 _a323.14(=411.16)
_v3
_zrus
686 _a11.15
_2rugasnti
686 _a66.5
_2rubbk
686 _aТ3(0)6-49
700 1 _aБезансон
_bА.
_gАлен
_4070
801 0 _aRU
_bRKP
_c20020530
_gPSBO
801 1 _aRU
_bRKP
_c20020530
801 2 _aRU
_bNLR
_c20020708
_grcr
942 _cBOOK
980 _aNB